000 01559nam a2200313 a 4500
001 000024474
005 20251120073732.0
008 110128s2005 dr a 000 0 spa d
020 _a994541500X
040 _aDO-SdBNP
_bspa
_cBNPHU
082 _a320.97293
_bD383v
245 0 3 _aLa democracia vulnerable :
_binsatisfacción y desconfianza (1994-2004) /
_ccoorrdinadora general Ramonina Brea... [et. al.].
260 _aSanto Domingo :
_bPUCMM : CESDEM,
_c2005.
300 _a2v.. :
_bgraf. ;
_c29 cm.
590 _aInventariado, 2018/ YL
500 _aIncluye referencias bibliográficas y notas al pie de las páginas
500 _aBasado en los resultados de la cuarta Encuesta Nacional de Cultura Política y Democracia (Demos 2004), esta dirigida a conocer la visión compartida, las actidutes , creencias acerca de la democracia, el sistema político y la gestión gubernamental de las dominicanas y dominicanos.
505 0 _gv.1. -
_tInforme final.
_gv.2 -
_tResumen
650 0 _aDemocracia
_9286
650 4 _aPolítica cultural
_zRepública Dominicana
_91984
650 4 _aOpinión pública
_xRepública dominicana
_950173
651 4 _aRepública Dominicana
_xPolítica Y Gobierno
_y1994-2004
_950174
700 1 2 _aBrea, Ramonina
_ecoord.
_98319
700 1 2 _aDuarte, Isis
_ecoord.
_92123
700 1 2 _aSeligson, Mitchell
_ecoord.
_950175
710 2 _aPontificia Universidad Católica Madre y Maestra
_9843
710 2 _aCentro de Estudios Sociales y Demográficos (República Dominicana)
_954618
910 _aValidado. Control de calidad MFF
999 _c23967
_d23967